| 000 | 00406nam a22001697a 4500 | ||
|---|---|---|---|
| 003 | OSt | ||
| 020 | _aNA | ||
| 040 | _c0 | ||
| 082 |
_222 _a629.04 |
||
| 100 | _aVazairani, V. N and Chandola, S. P. | ||
| 245 | _aTransportation engineering / | ||
| 260 |
_aNew Delhi, _bKhanna Publication, _cc2006. |
||
| 300 |
_axxxii, 734 p. ; _bill. ; _c21 cm. |
||
| 400 | _av.2 | ||
| 942 |
_2ddc _cCIVIL |
||
| 999 |
_c237 _d237 |
||
| 999 |
_c284 _d284 |
||